| 000 | 00444nam a2200157Ia 4500 | ||
|---|---|---|---|
| 008 | 210210b2000 xxu||||| |||| 00| 0 eng d | ||
| 020 | _a81 7446 199 x | ||
| 082 | _a658.31124 VIEI | ||
| 100 | _aVIEIRA (Walter). | ||
| 245 | _aInterviews, key to ensure corporate success and satisfying careers. | ||
| 260 |
_aNew Delhi. _bExcel Books _c2000 |
||
| 300 | _ax,186 | ||
| 650 | _aInterviews | ||
| 690 | _aPersonnel Management | ||
| 906 | _a057268 | ||
| 999 |
_c104835 _d104835 |
||